000
00306nam a2200133Ia 4500
005
20251222141802.0
008
251222s9999||||xx |||||||||||||| ||spa||
020
_a
84-320-2123-7
082
_a
863/S17
100
_a
Salisachs, Mercedes
245
0
_a
Adagio Confidencial
264
_b
Planeta
942
_c
LIB
999
_c
6201
_d
6201